=LDR 00000nam 2200000 4500 =001 INLIS000000000006306 =005 20200326115639 =035 ##$$a 0010-061300000006306 =008 200326################g##########0#ind## =041 ##$$a Ind =082 ##$$a 200 =090 ##$$a 200, Kep p =100 ##$$a Gilles Kepel. =245 1#$$a Pembalasan Tuhan : $b Kebangkitan agama-agama Samawi /$c Gilles Kepel penerjemah, Masdar Hilmy =260 ##$$a Bandung :$b Pustaka Hidayah,$c 1994. =300 ##$$a 298 hlm, ; $c 21 X 14 cm. =650 #4$$a Agama Samawi =850 ##$$a NBPNMAT =084 ##$$a 200 GIL p =500 ##$$a Judul asli :The Revenge of god the Resugence of Islam =700 #$$a Masdar Hilmy =520 ##$$a Indeks :hlm.281-299 =990 ##$$a DW00021781